[Event "Muensterland Verbandsklasse 1718"]
[Site "Germany"]
[Date "2018.01.27"]
[Round "5.1"]
[White "Mullink, Jochem"]
[Black "Hegemann, Eike"]
[Result "1-0"]
[WhiteElo "2052"]
[BlackElo "1971"]
[PlyCount "67"]
[EventDate "2017.09.16"]
[EventType "team-tourn"]
[EventRounds "9"]
[EventCountry "GER"]
[SourceTitle "EXT 2019"]
[Source "ChessBase"]
[SourceDate "2018.10.10"]
[SourceVersion "1"]
[SourceVersionDate "2018.10.10"]
[SourceQuality "1"]
[WhiteTeam "Stadtlohn"]
[BlackTeam "Saerbeck"]
[WhiteTeamCountry "GER"]
[BlackTeamCountry "GER"]

1. e4 c5 2. Nf3 d6 3. d4 cxd4 4. Nxd4 Nf6 5. Nc3 a6 6. h3 e5 7. Nde2 Be6 8. g4 Nc6 9. Bg2 Be7 10. Ng3 g6 11. Nd5 Bxd5 12. exd5 Nb8 13. g5 Nfd7 14. Ne4 0-0 15. Be3 a5 16. h4 Na6 17. Qe2 Rc8 18. 0-0-0 Nac5 19. Nc3 a4 20. a3 Qa5 21. Kb1 Nb6 22. Bh3 Ra8 23. h5 Nbd7 24. Qg4 Rfb8 25. Qh4 Nf8 26. hxg6 fxg6 27. Be6+ Kh8 28. Bf7 Kg7 29. Bxc5 Kxf7 30. Bb4 Qd8 31. f4 exf4 32. Ne4 Qd7 33. Rhf1 Ke8 34. Bxd6 1-0

[Event "Muensterland Verbandsliga 1617"]
[Site "Germany"]
[Date "2016.09.10"]
[Round "1.1"]
[White "Mullink, Jochem"]
[Black "Muth, Josef"]
[Result "1/2-1/2"]
[WhiteElo "1992"]
[BlackElo "1978"]
[PlyCount "83"]
[EventDate "2016.09.10"]
[EventType "team"]
[EventRounds "9"]
[EventCountry "GER"]
[SourceTitle "EXT 2018"]
[Source "ChessBase"]
[SourceDate "2017.10.13"]
[SourceVersion "1"]
[SourceVersionDate "2017.10.13"]
[SourceQuality "1"]
[WhiteTeam "Stadtlohn"]
[BlackTeam "Telgte"]
[WhiteTeamCountry "GER"]
[BlackTeamCountry "GER"]

1. Nf3 Nf6 2. c4 e6 3. d4 Bb4+ 4. Bd2 Qe7 5. a3 Bxd2+ 6. Qxd2 0-0 7. Nc3 d6 8. e3 e5 9. Qc2 Re8 10. Be2 c6 11. h3 a5 12. g4 exd4 13. Nxd4 d5 14. cxd5 Nxd5 15. Nxd5 cxd5 16. 0-0-0 Nc6 17. Kb1 Nxd4 18. Rxd4 Be6 19. Rhd1 Rec8 20. Qd2 g6 21. f4 Rc5 22. f5 gxf5 23. Bd3 fxg4 24. hxg4 Qg5 25. Rh1 Rac8 26. Bxh7+ Kg7 27. Bd3 Rh8 28. Rf1 Rh3 29. Rdf4 Qe5 30. Re1 b5 31. Bf5 b4 32. axb4 axb4 33. Bxe6 fxe6 34. Rxb4 Rh2 35. Qd4 Qxd4 36. exd4 Rc6 37. Rc1 Rxc1+ 38. Kxc1 Rg2 39. Kb1 Kf6 40. Ka2 Rxg4 41. Kb3 Ke7 42. Kc3 1/2-1/2

[Event "NED-ch U18"]
[Site "Rotterdam"]
[Date "2016.04.30"]
[Round "2"]
[White "Mullink, Jochem"]
[Black "Wouters, Casper"]
[Result "1/2-1/2"]
[WhiteElo "1974"]
[BlackElo "1735"]
[PlyCount "64"]
[EventDate "2016.04.29"]
[EventType "swiss"]
[EventRounds "9"]
[EventCountry "NED"]
[SourceTitle "CBM 172 Extra"]
[Source "ChessBase"]
[SourceDate "2016.06.21"]
[SourceVersion "1"]
[SourceVersionDate "2016.06.21"]
[SourceQuality "1"]

1. e4 d6 2. d4 Nf6 3. Nc3 g6 4. f3 Bg7 5. Be3 0-0 6. Nge2 Nc6 7. Qd2 e5 8. d5 Ne7 9. g4 c6 10. Ng3 cxd5 11. exd5 Qa5 12. 0-0-0 Bd7 13. Kb1 Rfb8 14. Be2 b5 15. Nce4 Qxd2 16. Nxf6+ Bxf6 17. Rxd2 Nc8 18. Ne4 Be7 19. g5 Bf5 20. h4 a6 21. c4 bxc4 22. Bxc4 Nb6 23. Be2 Na4 24. Rc1 Bd8 25. Ka1 Bxe4 26. fxe4 Rb4 27. Bc4 Bb6 28. Bxb6 Rxb6 29. Be2 Nc5 30. Rc4 a5 31. Bf3 a4 32. Bd1 Kf8 1/2-1/2

[Event "Muensterland Verbandsklasse 1516"]
[Site "Germany"]
[Date "2016.03.12"]
[Round "7.1"]
[White "Mullink, Jochem"]
[Black "Da Costa Campos, Andre"]
[Result "1-0"]
[WhiteElo "1952"]
[BlackElo "1950"]
[PlyCount "94"]
[EventDate "2015.09.19"]
[EventType "team"]
[EventRounds "9"]
[EventCountry "GER"]
[SourceTitle "EXT 2017"]
[Source "ChessBase"]
[SourceDate "2016.10.25"]
[SourceVersion "1"]
[SourceVersionDate "2016.10.25"]
[SourceQuality "1"]
[WhiteTeam "Stadtlohn"]
[BlackTeam "Nienberge II"]
[WhiteTeamCountry "GER"]
[BlackTeamCountry "GER"]

1. e4 e5 2. Nf3 Nc6 3. Bb5 a6 4. Ba4 Nf6 5. 0-0 Be7 6. Re1 b5 7. Bb3 0-0 8. a4 b4 9. d3 d6 10. h3 Be6 11. Nbd2 Bxb3 12. Nxb3 Re8 13. Bg5 Nd7 14. Be3 Bf6 15. Nbd2 Nf8 16. Nc4 Ne6 17. Rb1 Rb8 18. Nfd2 Bg5 19. g3 Bxe3 20. Nxe3 Qg5 21. Nf3 Qh5 22. Nh4 Qg5 23. Kh2 g6 24. Nf3 Qh5 25. Nd5 Kg7 26. Kg2 f5 27. exf5 Qxf5 28. Nh4 Qf7 29. Qf3 Rf8 30. Qxf7+ Rxf7 31. f4 b3 32. c3 Nc5 33. Re3 Nxa4 34. Nf3 exf4 35. Nxf4 Nb6 36. Ra1 a5 37. Ng5 Rd7 38. Re4 a4 39. h4 Ne5 40. h5 gxh5 41. Rh1 Kg8 42. Nge6 h4 43. Rxh4 Ng6 44. Rg4 Kf7 45. Ng5+ Kf6 46. Nh5+ Kf5 47. Nf3 c5 1-0

[Event "Muensterland Verbandsklasse 1516"]
[Site "Germany"]
[Date "2015.11.28"]
[Round "3.1"]
[White "Boelker, Franz"]
[Black "Mullink, Jochem"]
[Result "0-1"]
[WhiteElo "1788"]
[BlackElo "1952"]
[PlyCount "60"]
[EventDate "2015.09.19"]
[EventType "team"]
[EventRounds "9"]
[EventCountry "GER"]
[SourceTitle "EXT 2017"]
[Source "ChessBase"]
[SourceDate "2016.10.25"]
[SourceVersion "1"]
[SourceVersionDate "2016.10.25"]
[SourceQuality "1"]
[WhiteTeam "Raesfeld Erle II"]
[BlackTeam "Stadtlohn"]
[WhiteTeamCountry "GER"]
[BlackTeamCountry "GER"]

1. d4 Nf6 2. c4 g6 3. Nc3 Bg7 4. g3 0-0 5. Bg2 d6 6. e3 c6 7. Nge2 Nbd7 8. 0-0 Nb6 9. b3 d5 10. c5 Nbd7 11. b4 b6 12. a4 bxc5 13. bxc5 Ba6 14. Ba3 Rb8 15. Qc2 Qa5 16. Rfb1 e5 17. Nc1 Bc4 18. Bf1 exd4 19. exd4 Qa6 20. Nd3 Rxb1 21. Rxb1 Qc8 22. Bh3 Qc7 23. Bc1 Nh5 24. Be3 Re8 25. Nf4 Nhf6 26. Bg2 Ng4 27. Nd1 Bxd4 28. Bxd5 cxd5 29. Bxd4 Re1+ 30. Kg2 Bf1+ 0-1

[Event "NED-ch U17"]
[Site "Haarlem"]
[Date "2012.05.06"]
[Round "9"]
[White "Mehra, Roger"]
[Black "Mullink, Jochem"]
[Result "1/2-1/2"]
[WhiteElo "1856"]
[BlackElo "1610"]
[PlyCount "160"]
[EventDate "2012.04.28"]
[EventType "swiss"]
[EventRounds "9"]
[EventCountry "NED"]
[SourceTitle "EXT 2013"]
[Source "ChessBase"]
[SourceDate "2012.11.22"]
[SourceVersion "1"]
[SourceVersionDate "2012.11.22"]
[SourceQuality "1"]

1. d4 Nf6 2. c4 g6 3. g3 Bg7 4. Bg2 c5 5. d5 d6 6. Nc3 0-0 7. Nf3 Nbd7 8. 0-0 Nb6 9. Nd2 Rb8 10. Qc2 e6 11. e4 exd5 12. cxd5 Re8 13. b3 Na8 14. a4 a6 15. Bb2 Nc7 16. a5 Bd7 17. Nc4 Bb5 18. Rfe1 Bxc4 19. bxc4 b5 20. axb6 Rxb6 21. Na4 Rb8 22. f4 Rxb2 23. Nxb2 Ng4 24. Rad1 Qb8 25. h3 Qxb2 26. Qxb2 Bxb2 27. hxg4 a5 28. Re2 Bd4+ 29. Kf1 a4 30. Ra2 Rb8 31. Ke2 a3 32. Rxa3 Rb4 33. Rxd4 cxd4 34. Kd3 Rb1 35. Kxd4 Rd1+ 36. Rd3 Rg1 37. Bf3 Rxg3 38. e5 dxe5+ 39. fxe5 Kf8 40. Ra3 h5 41. gxh5 gxh5 42. Ke4 h4 43. d6 Ne6 44. Ra8+ Kg7 45. Re8 h3 46. Rxe6 h2 47. d7 Rxf3 48. d8Q h1Q 49. Qg5+ Kf8 50. Qd8+ Kg7 51. Qg5+ Kf8 52. Qh6+ Qxh6 53. Rxh6 Rf1 54. Rd6 Ke7 55. Kd5 Rd1+ 56. Kc6 Re1 57. Rd5 Rc1 58. Rc5 Ke6 59. Kb7 Rb1+ 60. Rb5 Rc1 61. c5 Kxe5 62. c6+ Kd6 63. Rb2 f5 64. Rd2+ Ke5 65. c7 Ke4 66. c8Q Rxc8 67. Kxc8 Ke3 68. Rd8 f4 69. Re8+ Kf2 70. Kd7 f3 71. Kd6 Kg1 72. Rg8+ Kf1 73. Ke5 f2 74. Kd4 Ke2 75. Re8+ Kd2 76. Rf8 Ke2 77. Re8+ Kd2 78. Rf8 Ke2 79. Ke4 f1Q 80. Rxf1 Kxf1 1/2-1/2

[Event "NED-ch U17"]
[Site "Haarlem"]
[Date "2012.05.01"]
[Round "4"]
[White "Mullink, Jochem"]
[Black "Van Heusden, David"]
[Result "1-0"]
[WhiteElo "1610"]
[BlackElo "1613"]
[PlyCount "47"]
[EventDate "2012.04.28"]
[EventType "swiss"]
[EventRounds "9"]
[EventCountry "NED"]
[SourceTitle "EXT 2013"]
[Source "ChessBase"]
[SourceDate "2012.11.22"]
[SourceVersion "1"]
[SourceVersionDate "2012.11.22"]
[SourceQuality "1"]

1. e4 e6 2. d4 d5 3. Nd2 Nf6 4. e5 Nfd7 5. f4 c5 6. c3 Nc6 7. Ndf3 f6 8. Bd3 cxd4 9. exf6 Nxf6 10. cxd4 Bd7 11. Ne2 Nb4 12. 0-0 Nxd3 13. Qxd3 Qb6 14. Nc3 Bb4 15. a4 Rc8 16. Ne5 Bxc3 17. bxc3 Ne4 18. c4 Bc6 19. Qh3 Bd7 20. cxd5 Rc3 21. Be3 Nd2 22. Rfc1 Qb2 23. Re1 Ke7 24. Nxd7 1-0

[Event "NED-ch U17"]
[Site "Haarlem"]
[Date "2012.04.30"]
[Round "3"]
[White "Wouters, Florian"]
[Black "Mullink, Jochem"]
[Result "1-0"]
[WhiteElo "1308"]
[BlackElo "1610"]
[PlyCount "47"]
[EventDate "2012.04.28"]
[EventType "swiss"]
[EventRounds "9"]
[EventCountry "NED"]
[SourceTitle "EXT 2013"]
[Source "ChessBase"]
[SourceDate "2012.11.22"]
[SourceVersion "1"]
[SourceVersionDate "2012.11.22"]
[SourceQuality "1"]

1. e4 c5 2. Nf3 d6 3. d4 cxd4 4. Nxd4 Nf6 5. Nc3 g6 6. h3 Bg7 7. Be3 0-0 8. Bc4 Nc6 9. Qd2 Bd7 10. Bd3 Rc8 11. Nde2 a6 12. a3 b5 13. 0-0 Ne5 14. Nf4 Bc6 15. Nfd5 Bxd5 16. exd5 Nc4 17. Bxc4 Rxc4 18. Ra2 Qc7 19. Bh6 Ne4 20. Nxe4 Rxc2 21. Qe3 Bxh6 22. Qxh6 Qc4 23. Ng5 Qxa2 24. Qxh7# 1-0